01431nam a2200337 a 4500001001200000003000800012006001900020007001500039008004100054010001700095020002500112020002700137040002100164035002100185050002500206082001800231100002200249245007700271260005300348300002600401440001800427500002100445500002000466505025200486533015200738650001400890655002900904710001700933856012600950999001701076ebr10728378CaPaEBRm o u cr cn|||||||||130716s2013 njuad s 001 0 eng d z 2013936422 z9781118553985 (pbk.) z9781118553954 (e-book) aCaPaEBRcCaPaEBR a(OCoLC)85456909914aQH323.5b.P49 2013eb04a570.151952231 aPezzullo, John C.10aBiostatistics for dummiesh[electronic resource] /cby John C. Pezzullo. aHoboken, N.J. :bJohn Wiley & Sons, Inc.,c2013. axviii, 390 p. :bill. 0a--For dummies a"A Wiley brand." aIncludes index.0 apt. I. Beginning with biostatistics basics -- pt. II. Getting down and dirty with data -- pt. III. Comparing groups -- pt. IV. Looking for relationships with correlation and regression -- pt. V. Analyzing survival data -- pt. VI. The part of tens. aElectronic reproduction.bPalo Alto, Calif. :cebrary,d2013.nAvailable via World Wide Web.nAccess may be limited to ebrary affiliated libraries. 0aBiometry. 7aElectronic books.2local2 aebrary, Inc.40uhttp://site.ebrary.com/lib/rucke/Doc?id=10728378zAn electronic book accessible through the World Wide Web; click to view c37177d37177